Languages in a global world learning for better cultural understanding

Salvato in:
Dettagli Bibliografici
Ente Autore: Centre for Educational Research and Innovation (OECD)
Altri autori: della Chiesa, Bruno, Scott, Jessica, Hinton, Christina
Natura: Libro
Lingua:inglese
Pubblicazione: Paris OECD 2012
Soggetti:
Tags: Aggiungi Tag
Nessun Tag, puoi essere il primo ad aggiungerne!!

MARC

LEADER 00000nam a2200000 4500
001 0167080
005 20240315120852.0
020 |a 978-92-64-12324-3 
041 0 |a eng 
044 |a FR 
245 1 0 |a Languages in a global world  |b learning for better cultural understanding  |c edited by Bruno della Chiesa, Jessica Scott and Christina Hinton 
264 1 |a Paris  |b OECD  |c 2012 
300 |a 469 s. 
610 2 0 |a jazyky cudzie 
610 2 0 |a vzdelávanie 
610 2 0 |a globalizácia 
610 2 0 |a politika vzdelávania 
610 2 0 |a Estónsko 
610 2 0 |a Singapur 
610 2 0 |a kultúra 
610 2 0 |a identita 
610 2 0 |a Ázia 
610 2 0 |a reálie 
610 2 0 |a Kanada 
610 2 0 |a Španielsko 
610 2 0 |a Tanzánia 
610 2 0 |a angličtina 
610 2 0 |a Japonsko 
610 2 0 |a Kórea 
610 2 0 |a Oceánia 
610 2 0 |a Peru 
610 2 0 |a migrácia 
610 2 0 |a štúdium v zahraničí 
610 2 0 |a mobilita sociálna 
610 2 0 |a Mexiko 
610 2 0 |a Európa 
610 2 0 |a USA 
610 2 0 |a vyučovanie 
700 1 |a della Chiesa, Bruno 
700 1 |a Scott, Jessica 
700 1 |a Hinton, Christina 
710 2 |a Centre for Educational Research and Innovation (OECD)